W której odsłonie Farming Simulator dodano tą rzecz - Statystyki

Ogólne statystyki
  • Ten quiz został rozwiązany 52 razy
  • Średni wynik to 14 z 15
Statystyki odpowiedzi
Dodana rzecz Odpowiedź % Poprawnych
New Holland Farming Simulator 15
96%
Słonecznik Farming Simulator 17
96%
Bawełna Farming Simulator 19
96%
John Deere Farming Simulator 19
96%
Oliwki Farming Simulator 22
96%
Sorgo Farming Simulator 22
96%
Ryż Farming Simulator 25
96%
Szpinak Farming Simulator 25
96%
Świnie Farming Simulator 17
93%
Krowy Farming Simulator 2011
93%
Grimme Farming Simulator 2013
93%
Kozy Farming Simulator 25
93%
Deutz Fahr Farming Simulator 2011
91%
Ziemniaki Farming Simulator 2013
91%
Case Farming Simulator 2013
89%
Nie znaleziono quizów pasujących do podanych kryteriów
Rozkład punktacji
Procent ludzi z każdym wynikiem
Percentyl według liczby udzielonych odpowiedzi
Twoja historia wyników
Nie rozwiązałeś tego quizu